| 000 | 01344nam a2200241Ia 4500 | ||
|---|---|---|---|
| 003 | Ost | ||
| 005 | 20260507075457.0 | ||
| 008 | 260507s9999||||xx |||||||||||||| ||und|| | ||
| 040 | _cfsecg | ||
| 041 | _aara | ||
| 082 | _a658.8 | ||
| 100 |
_aالبكري، ثامر _eمؤلف |
||
| 245 | 0 |
_aالتسويق أسس ومفاهيم معاصرة / _c ثامر البكري |
|
| 260 |
_aعمان: _bدار اليازوري, _c2006 |
||
| 300 |
_a320 صفحة؛ _bإيضاحات ؛ _c24 سم |
||
| 504 | _aبيبليوغرافيا ص.306 | ||
| 520 | _aالمدخل في دراسة التسويق/ النظام التسويقي والبيئة/ نظام المعلومات التسويقي وبحوث التسويق / سلوك المستهلك /تجزئة السوق وانواع المنتجات الاستهلاكية والصناعية/المنتج/ الترويج / السعر / التوزيع-المادي المخزوم والنقل/تسويق الخدمات/المسؤولية الاجتماعية للتسويق/اخلاقيات التسويق/السوق الاخضر/السوق الالكتروني/التسويق العادي/التسويق غير الهادف للربح/ | ||
| 653 | _aإدارة التسويق | ||
| 653 | _aالترويج | ||
| 653 | _aالتوزيع | ||
| 653 | _aسلوك المستهلك | ||
| 942 | _cكتاب | ||
| 999 |
_c44673 _d44673 |
||